[Event "Madurai Athens of the East op-B U1600"]
[Site "Madurai"]
[Date "2023.12.27"]
[Round "2"]
[White "Gaurav, Sharma"]
[Black "Abdul Samad, S."]
[Result "1/2-1/2"]
[WhiteElo "1528"]
[BlackElo "1243"]
[PlyCount "67"]
[EventDate "2023.12.27"]
[EventType "swiss"]
[EventRounds "9"]
[EventCountry "IND"]
[SourceTitle "CB02_2024"]
[SourceDate "2024.01.10"]
[SourceVersion "1"]
[SourceVersionDate "2024.01.10"]
[SourceQuality "1"]

1. e4 d6 2. Nc3 Nf6 3. Bc4 c6 4. Bb3 g6 5. Nge2 Bg7 6. 0-0 0-0 7. d3 Nbd7 8. h3 b5 9. Ng3 Bb7 10. f4 e5 11. f5 Nc5 12. fxg6 hxg6 13. h4 Nxb3 14. axb3 Qb6+ 15. Kh1 Bc8 16. Qe1 Ng4 17. b4 Bf6 18. Nge2 Kg7 19. g3 Rh8 20. Kg2 Bd7 21. Ng1 a5 22. bxa5 Rxa5 23. Rxa5 Qxa5 24. Nf3 Qa7 25. Nh2 Nxh2 26. Kxh2 Bg4 27. Be3 Qd7 28. Qf2 Qe6 29. Kg1 Bh3 30. Ra1 Bxh4 31. Ra7 Bf6 32. Nb1 Qg4 33. Nc3 b4 34. Bc1 1/2-1/2